Library Banner

Hands-on time series analysis with Python from basics to bleeding edge techniques / (Record no. 122307)

MARC details
000 -LEADER
fixed length control field 00535nam a22001817a 4500
005 - DATE AND TIME OF LATEST TRANSACTION
control field 20210520115151.0
008 - FIXED-LENGTH DATA ELEMENTS--GENERAL INFORMATION
fixed length control field 210520b ||||| |||| 00| 0 eng d
020 ## - INTERNATIONAL STANDARD BOOK NUMBER
International Standard Book Number 9781484259917
040 ## - CATALOGING SOURCE
Transcribing agency PK-LaUMT
082 ## - DEWEY DECIMAL CLASSIFICATION NUMBER
Classification number 519.55
Item number VIS-H
100 ## - MAIN ENTRY--PERSONAL NAME
Personal name Vishwas, B V
245 ## - TITLE STATEMENT
Title Hands-on time series analysis with Python from basics to bleeding edge techniques /
Statement of responsibility, etc by B V Vishwas and Asish Patel
260 ## - PUBLICATION, DISTRIBUTION, ETC. (IMPRINT)
Place of publication, distribution, etc Bangaluru :
Name of publisher, distributor, etc APress,
Date of publication, distribution, etc 2020
300 ## - PHYSICAL DESCRIPTION
Extent 407 p.
650 ## - SUBJECT ADDED ENTRY--TOPICAL TERM
Topical term or geographic name as entry element Time series
650 ## - SUBJECT ADDED ENTRY--TOPICAL TERM
Topical term or geographic name as entry element Computer programming
942 ## - ADDED ENTRY ELEMENTS (KOHA)
Koha item type Books
Holdings
Withdrawn status Lost status Damaged status Home library Current library Date acquired Full call number Barcode Date last seen Price effective from Koha item type
      UMT Main Campus UMT Main Campus 2021-05-20 519.55 VIS-H 137598 2021-09-23 2021-05-20 Books